000
00284nam a22001337a 4500
008
181011b xxu||||| |||| 00| 0 eng d
020
_a
9780131483170
041
_a
eng
080
_a
311
100
_a
55
101
_a
STA
245
_a
Elementary Statics
_c
Larson
942
_2
udc
_c
BK
999
_c
49408
_d
49408